000 00804cab a2200229 4500
001 ABS48697
008 090401t1993 xxu||||| |||| 00| 0 eng d
035 _a(Sirsi) u68136
041 _aeng
100 _aCherrett, T.
245 _aAffordable housing in rural areas
260 _c1993
350 _a0
490 _aThe Planner
_v79(5) May 1993, 28-29(2)
520 _aSuggests that PPG3 is an indication that the government is urging planning authorities to make affordable housing in rural areas a key consideration when formulating development plan policies. Discusses the effectiveness of the government guidance.
650 _aPLANNING POLICY GUIDANCE NOTE 3
650 _aRURAL AREAS
690 _aHOUSING
690 _aPLANNING LAW AND PRACTICE
942 _n0
948 _c04/03/1997
999 _c42720
_d42720